01119nam a2200217 a 450000100100000000500170001000800410002702000150006804000250008304100380010808200150014610000190016124000940018024501420027426000510041649001130046753401020058050400730068270000330075583001130078800002434920200930022932.0110126s1987 sp r 000 0 spa d a8425507642 aDO-SdBNPbspacBNPHU17aspaheng2Código de idioma MARC aNNNbL821d1 aLoden, Marilyn10aFemenine leadership or to succeed in business with out being one of the boys.lEspañol.10aDirección femenina :bcómo triunfar en los negocios sin actuar como un hombre /cMarilyn Loden ; traducida por Fernando Ruiz Gabás. aBarcelona, España :bHispano Europea,c1987.1 aBiblioteca de dirección, organización y administración de empresasapsicología y desarrollo personal aTítulo original:tFemenine leadership or to succeed in business with out being one of the boys. aIncluye referencias bibliográficas y notas al pie de las páginas1 aRuiz Gabás, Fernando,etr. 0aBiblioteca de dirección, organización y administración de empresasppsicología y desarrollo personal